000
00276nam a2200133Ia 4500
100
_a
Zaks/R/ Labiak/W
942
_c
BK
654
_a
Programming
245
_a
Programming The 6809
260
_b
Sybex
_a
Berkeley
_c
1982
082
_a
1.6
300
_a
362
546
_a
ENGLISH
999
_c
32208
_d
32208